Представление документа в формате RUSMARC

ПолеНазваниеЗначение
  Тип записи a
  Библиографический уровень m
001 Контрольный номер RU/ГПНТБ России/KNIGADB/88.5/К 83-607847145
005 Дата корректировки 20221115151013.8
010 Индекс ISBN __
a ISBN 978-5-9614-2596-3
b Уточнения в пер.
9 Тираж 2000 экз.
d Цена 413-56
100 Данные общей обработки __
a Данные общей обработки 20210311d2020 em y0rusy028902 ca
101 Язык документа 0_
a Язык текста rus
102 Страна публикации __
a Страна публикации RU
105 Кодированные данные (монография) __
a Кодированные данные (монография) y z 000yy
181 Поле кодированных данных: вид содержания _0
a Код вида содержания (ISBD) i
182 Поле кодированных данных: тип средства _0
a Код типа средства (ISBD) n
200 Заглавие и сведения об ответственности 1_
a Заглавие Эмоциональный интеллект лидера
f Первые сведения об ответственности Леонид Кроль
g Последующие сведения об ответственности редактор Ахмед Новресли
203 Вид содержания и тип средства __
a Вид содержания Текст
c Тип средства непосредственный
210 Выходные данные 1_
a Место издания Москва
c Издательство Альпина Паблишер
d Дата издания 2020
215 Физическое описание __
a Объем 218 с.
d Формат 22 см
320 Библиография __
a Библиография Приложение: с. 219-216
330 Аннотация __
a Аннотация В отличие от переводных книг, тема эмоционального интеллекта раскрыта с учетом менталитета российского читателя. Чувства важны. Даже если мы пытаемся игнорировать их, особенно в деловой жизни, они все равно будут незаметно управлять нами. Важно понимать свои эмоции и научиться использовать их в своих целях. Среди самых успешных лидеров нет неэмоциональных людей. Как раз наоборот, все они мастерски используют эмоции, чтобы влиять и управлять. Леонид Кроль - профессор Высшей школы экономики с 25-летним опытом работы коучем и бизнес-тренером, директор Института групповой и семейной психологии и психотерапии - рассказывает о том, как развить свой эмоциональный интеллект, зачем это делать и какой путь нужно пройти. Вы научитесь быстро «читать» людей: видеть их скрытые мотивы, чувства и желания; поймете, как подбирать правильные "ключи" к контрагентам, мотивировать команду, защищаться от выгорания, применять личное обаяние и харизму для достижения целей. А еще вы узнаете: как устроены эмоции и как быстро проводить самодиагностику, как характер предопределяет чувства и реакции, как эффективно отдыхать и управлять стрессом.
606 Тематические рубрики __
a Основная рубрика Психология
2 Код системы nlr_sh
606 Тематические рубрики __
a Основная рубрика Социальная психология
2 Код системы nlr_sh
610 Ключевые слова 1_
a Ключевые слова эмоциональный интеллект
610 Ключевые слова 1_
a Ключевые слова гибкость
610 Ключевые слова 0_
a Ключевые слова лидеры
610 Ключевые слова 1_
a Ключевые слова доверие
610 Ключевые слова 1_
a Ключевые слова малые группы
610 Ключевые слова 1_
a Ключевые слова осознанность
610 Ключевые слова 1_
a Ключевые слова эмоции
610 Ключевые слова 0_
a Ключевые слова личность руководителя
610 Ключевые слова 0_
a Ключевые слова управление эмоциями
610 Ключевые слова 1_
a Ключевые слова внимание
610 Ключевые слова 1_
a Ключевые слова эмоциональный интеллект
610 Ключевые слова 1_
a Ключевые слова чувства
610 Ключевые слова 0_
a Ключевые слова лидерство
686 Индексы других классификаций __
2 Код системы rubbks
a Классификационный индекс 88.566.1
700 Автор _1
a Фамилия Кроль
b Имя Л. М.
g Полное личное имя Леонид Маркович
f Даты 1951-
4 Код отношения 070
702 Вторичная интеллектуальная ответственность _1
a Фамилия Новресли
b Имя А.
g Полное личное имя Ахмед
4 Код отношения 340
801 Источник записи _0
b Организация ГПНТБ России
a Страна RU
c Дата составления 20210311
g Правила каталогизации PSBO
801 Источник записи _1
b Организация ГПНТБ России
a Страна RU
c Дата составления 20210311
g Правила каталогизации PSBO
852 Данные о местонахождении 5_
j Шифр хранения 88.566.1
i Авторский знак К 83
900 Макрообъекты __
a Макрообъекты Эмоциональный интеллект лидера, 2020
901 Тип документа __
a Ответственный КиК/Котельникова
t Тип документа m
903 Характеристики (МАРС) __
a Дата передачи 20211224
c Наименование библиотеки (МАРС) Муниципальное бюджетное учреждение культуры "Централизованная библиотечная система" г. Сургут (Центральная городская библиотека им. А. С. Пушкина)
990 Данные о заказе (DOS) __
j Количество экземпляров (DOS) 1
t N записи в КСУ для И/У (DOS) 202201